Ungleiche Partner im europäischen Haus Europäische Gemeinschaft und Rat für Gegenseitige Wirtschaftshilfe
Na minha lista:
| Autor principal: | |
|---|---|
| Formato: | Livro |
| Idioma: | alemão |
| Publicado em: |
Bonn
Europa Union
1990
|
| Assuntos: | |
| Tags: |
Sem tags, seja o primeiro a adicionar uma tag!
|
MARC
| LEADER | 00000nam a2200000 4500 | ||
|---|---|---|---|
| 001 | c000584 | ||
| 005 | 20260325071327.4 | ||
| 020 | |a 3-7713-0383-4 | ||
| 041 | 0 | |a ger | |
| 044 | |a DE | ||
| 245 | 1 | 0 | |a Ungleiche Partner im europäischen Haus |b Europäische Gemeinschaft und Rat für Gegenseitige Wirtschaftshilfe |c Peter Link |
| 264 | 1 | |a Bonn |b Europa Union |c 1990 | |
| 300 | |a 112 s. | ||
| 610 | 2 | 0 | |a Európske spoločenstvá |
| 610 | 2 | 0 | |a RVHP |
| 610 | 2 | 0 | |a integrácia ekonomická medzinárodná |
| 610 | 2 | 0 | |a obchod svetový |
| 610 | 2 | 0 | |a KBSE |
| 610 | 2 | 0 | |a politika svetová |
| 610 | 2 | 0 | |a politika hospodárska |
| 610 | 2 | 0 | |a politika obchodná |
| 610 | 2 | 0 | |a reformy hospodárske |
| 100 | 1 | |a Link, Peter | |